[Event "DSOL 2021"]
[Site "Germany"]
[Date "2021.02.09"]
[Round "3.2"]
[White "Loseries, Uwe"]
[Black "Zipfel, Frank"]
[Result "1/2-1/2"]
[WhiteElo "2197"]
[BlackElo "2146"]
[Annotator "TA"]
[PlyCount "140"]
[EventDate "2021.01.18"]
[EventType "team-tourn"]
[EventCountry "GER"]
[SourceTitle "playchess.com"]
[Source "ChessBase"]
[SourceQuality "1"]

1. d4 d6 2. c4 f5 3. Nc3 Nf6 4. Bg5 Nbd7 5. Qc2 g6 6. e4 fxe4 7. Nxe4 Bg7 8. Nxf6+ Nxf6 9. Bd3 c5 10. d5 O-O 11. Nf3 b5 12. O-O bxc4 13. Qxc4 Rb8 14. Rab1 Rb4 15. Qc2 Bg4 16. Nd2 Qe8 17. h3 Bd7 18. a3 Rd4 19. Rbe1 Nxd5 20. Bc4 e6 21. Nf3 Rxc4 22. Qxc4 Bb5 23. Qg4 Bxf1 24. Rxf1 Qf7 25. b4 cxb4 26. axb4 Rb8 27. Bd2 h6 28. Re1 Re8 29. Nd4 e5 30. Nb5 Rf8 31. Qe2 Rd8 32. Ra1 Rd7 33. Qe4 Nf4 34. Bxf4 d5 35. Qd3 exf4 36. Ra6 Kh7 37. h4 h5 38. Nd4 Bxd4 39. Qxd4 f3 40. Rf6 Qg7 41. g4 hxg4 42. Qxg4 Qxf6 43. Qxd7+ Kh6 44. Qxd5 Qf4 45. Qe6 Qc1+ 46. Kh2 Qf4+ 47. Kh3 Qxb4 48. Qe3+ Kh7 49. Qxa7+ Kg8 50. Qa8+ Kg7 51. Qxf3 Qc4 52. Qe3 Qf1+ 53. Kh2 Qc4 54. Kg3 Qf1 55. Qe7+ Kh6 56. Qf8+ Kh7 57. Qf7+ Kh6 58. Kh2 Qd1 59. Qf6 Kh7 60. Qf7+ Kh6 61. Qf4+ Kh7 62. Kg2 Qe2 63. Qf3 Qc2 64. Kg3 Kg7 65. Qg4 Qb1 66. h5 Qg1+ 67. Kf3 Qd1+ 68. Kg3 Qg1+ 69. Kf3 Qd1+ 70. Kg3 Qg1+ 1/2-1/2

[Event "DSOL 2021"]
[Site "Germany"]
[Date "2021.02.08"]
[Round "3.2"]
[White "Renner, Kai"]
[Black "Haufe, Laurin"]
[Result "0-1"]
[WhiteElo "2185"]
[BlackElo "2052"]
[Annotator "TA"]
[PlyCount "108"]
[EventDate "2021.01.18"]
[EventType "team-tourn"]
[EventCountry "GER"]
[SourceTitle "playchess.com"]
[Source "ChessBase"]
[SourceQuality "1"]

1. e4 c6 2. d4 d5 3. e5 Bf5 4. h4 h6 5. c4 e6 6. Nc3 Ne7 7. g4 Bh7 8. h5 dxc4 9. Bxc4 c5 10. d5 Nxd5 11. Nxd5 Be4 12. Bb5+ Nd7 13. Nc3 Bxh1 14. f3 Qh4+ 15. Kf1 O-O-O 16. Qe2 g6 17. hxg6 fxg6 18. Bxd7+ Rxd7 19. Ne4 Be7 20. Be3 h5 21. Bf2 Qh2 22. g5 Rhd8 23. Bg3 Qxe2+ 24. Kxe2 h4 25. Bxh4 Rh8 26. Bg3 Bg2 27. Rc1 b6 28. Kf2 Bh3 29. Nd6+ Kb8 30. Bf4 Bf5 31. Ne2 Rh5 32. b4 Bxd6 33. exd6 cxb4 34. Rc4 a5 35. Nd4 Kb7 36. Rc1 Rh8 37. Be5 Rc8 38. Rxc8 Kxc8 39. Ke3 Kb7 40. Nb5 Kc6 41. Nd4+ Kd5 42. f4 Bb1 43. Kd2 Bxa2 44. Nc2 b5 45. Ne3+ Ke4 46. Ng4 Rd8 47. Nf6+ Kf3 48. d7 b3 49. Kc1 b4 50. Bc7 a4 51. Bd6 a3 52. Be5 b2+ 53. Bxb2 axb2+ 54. Kxb2 Bd5 0-1

[Event "DSOL 2021"]
[Site "Germany"]
[Date "2021.02.12"]
[Round "3.2"]
[White "Schimnatkowski, Lukas"]
[Black "Junker, Reiner"]
[Result "0-1"]
[WhiteElo "2173"]
[BlackElo "2238"]
[Annotator "TA"]
[PlyCount "122"]
[EventDate "2021.01.18"]
[EventType "team-tourn"]
[EventCountry "GER"]
[SourceTitle "playchess.com"]
[Source "ChessBase"]
[SourceQuality "1"]
[WhiteTeam "Katernberg/Essen"]
[BlackTeam "Ludwigshafen"]

1. e4 e5 2. Nf3 Nc6 3. Bc4 Bc5 4. O-O d6 5. c3 Qf6 6. b4 Bb6 7. a4 a6 8. d3 h6 9. Be3 Ba7 10. Nbd2 Nge7 11. b5 Nb8 12. Qb3 Nd7 13. d4 O-O 14. a5 axb5 15. Qxb5 Rd8 16. Rfd1 c6 17. Qb3 Bb8 18. Nf1 Bc7 19. Qb4 d5 20. dxe5 Nxe5 21. Nxe5 Bxe5 22. Qb6 Bg4 23. f3 Bxc3 24. Bd4 Bxd4+ 25. Rxd4 Nc8 26. Qb2 Be6 27. exd5 Bxd5 28. Rad1 Ne7 29. Qxb7 Nf5 30. Rf4 g5 31. Rxf5 Qxf5 32. Bxd5 cxd5 33. a6 d4 34. Ng3 Qa5 35. Nh5 Qxa6 36. Qe7 Qe6 37. Qc5 Rac8 38. Qa5 d3 39. h4 gxh4 40. Qa1 Qe3+ 41. Kh1 Qd4 42. Qa6 Qd6 43. Qa1 Qg6 44. Nf6+ Kf8 45. Re1 d2 46. Rd1 Rc1 47. Qa3+ Kg7 48. Nh5+ Qxh5 49. Qb2+ Kh7 50. Rxc1 dxc1=Q+ 51. Qxc1 Qd5 52. Qb1+ Qd3 53. Qb7 Qd1+ 54. Kh2 Qd6+ 55. Kh1 Qg6 56. Qb3 Re8 57. Qc3 Re2 58. g4 hxg3 59. Qc5 g2+ 60. Kg1 Re1+ 61. Kf2 g1=Q# 0-1

[Event "DSOL 2021"]
[Site "Germany"]
[Date "2021.02.09"]
[Round "3.2"]
[White "Bossy, Arnim"]
[Black "Zeldin, Leonid"]
[Result "1-0"]
[WhiteElo "2170"]
[BlackElo "2104"]
[Annotator "TA"]
[PlyCount "81"]
[EventDate "2021.01.18"]
[EventType "team-tourn"]
[EventCountry "GER"]
[SourceTitle "playchess.com"]
[Source "ChessBase"]
[SourceQuality "1"]

1. d4 g6 2. e4 Bg7 3. Nf3 c5 4. d5 d6 5. Bb5+ Bd7 6. a4 a6 7. Be2 Nf6 8. Nc3 O-O 9. O-O h6 10. h3 Kh7 11. Bf4 Be8 12. e5 dxe5 13. Nxe5 Nbd7 14. Bf3 Qb6 15. Nc4 Qb4 16. a5 Qxc4 17. Ra4 Ne5 18. Rxc4 Nxc4 19. Qa1 Bb5 20. Re1 Rfe8 21. Qa2 g5 22. Bh2 Rad8 23. Rd1 e6 24. Nxb5 axb5 25. b3 Nd6 26. dxe6 Rxe6 27. Bxd6 Rexd6 28. Rxd6 Rxd6 29. Bxb7 Rd1+ 30. Kh2 Nd7 31. c4 Be5+ 32. g3 Kg7 33. cxb5 Bd4 34. a6 Ra1 35. Qe2 Nb6 36. Kg2 Rb1 37. Qf3 Ra1 38. Bd5 f6 39. Be6 Ra2 40. Qb7+ Kh8 41. Qb8+ 1-0

[Event "DSOL 2021"]
[Site "Germany"]
[Date "2021.02.11"]
[Round "3.2"]
[White "Einwiller, Bernd"]
[Black "Dietz, Juergen"]
[Result "1-0"]
[WhiteElo "2160"]
[BlackElo "2146"]
[Annotator "TA"]
[PlyCount "97"]
[EventDate "2021.01.18"]
[EventType "team-tourn"]
[EventCountry "GER"]
[SourceTitle "playchess.com"]
[Source "ChessBase"]
[SourceQuality "1"]

1. c4 f5 2. Nf3 Nf6 3. g3 d6 4. d4 g6 5. Bg2 Bg7 6. Nc3 O-O 7. O-O c6 8. b3 Qa5 9. Qc2 e5 10. a3 e4 11. b4 Qc7 12. Ne1 Be6 13. c5 Nh5 14. e3 a5 15. Rb1 axb4 16. axb4 Bc4 17. cxd6 Qf7 18. Ne2 Nd7 19. f3 exf3 20. Nxf3 Bxe2 21. Qxe2 Qe6 22. Ng5 Qf6 23. Qc4+ Kh8 24. Ne4 Qd8 25. Nc5 Nb6 26. Qb3 Qc8 27. Bb2 Nf6 28. b5 Nbd5 29. d7 Nxd7 30. Bxd5 cxd5 31. Qxd5 Nf6 32. Qxb7 Qxb7 33. Nxb7 Rfb8 34. Nc5 Rxb5 35. Bc3 Rab8 36. Rxb5 Rxb5 37. Ra1 Rb8 38. Ra2 Nd5 39. Bd2 h6 40. Kf2 Kh7 41. h3 g5 42. Kf3 Rb1 43. Ne6 Rb6 44. Nxg7 Kxg7 45. g4 f4 46. exf4 Nxf4 47. Bxf4 Rf6 48. Ke3 Rxf4 49. Rf2 1-0

[Event "DSOL 2021"]
[Site "Germany"]
[Date "2021.02.10"]
[Round "3.2"]
[White "Linde, Wolfgang"]
[Black "Shikhman, Vladimir"]
[Result "0-1"]
[WhiteElo "2147"]
[BlackElo "1589"]
[Annotator "TA"]
[PlyCount "78"]
[EventDate "2021.01.18"]
[EventType "team-tourn"]
[EventCountry "GER"]
[SourceTitle "playchess.com"]
[Source "ChessBase"]
[SourceQuality "1"]

1. e4 d6 2. d4 Nf6 3. Nc3 g6 4. Nf3 Bg7 5. Be2 O-O 6. O-O c6 7. a4 a5 8. h3 Qc7 9. Be3 e5 10. Nd2 exd4 11. Bxd4 Re8 12. f4 Nbd7 13. Bf3 b6 14. Nc4 Ba6 15. b3 Bxc4 16. bxc4 Nc5 17. Rb1 Rad8 18. Re1 Re7 19. Qc1 Ne8 20. Qe3 Bxd4 21. Qxd4 Ng7 22. Qd2 Rde8 23. Rbd1 f5 24. Qxd6 Qxd6 25. Rxd6 fxe4 26. Bg4 h5 27. Rxc6 hxg4 28. Nd5 Re6 29. Rc7 g3 30. Nxb6 Rxb6 31. Rxc5 Nf5 32. Kf1 Rb2 33. Rxa5 Rxc2 34. Ra6 Rf2+ 35. Kg1 Nh4 36. Re3 Rxg2+ 37. Kf1 Kh7 38. Rd6 Rf2+ 39. Ke1 Ng2+ 0-1

[Event "DSOL 2021"]
[Site "Germany"]
[Date "2021.02.08"]
[Round "3.2"]
[White "Happe, Reinhold"]
[Black "Riedel, Hartmut"]
[Result "1/2-1/2"]
[WhiteElo "2119"]
[BlackElo "1966"]
[Annotator "TA"]
[PlyCount "100"]
[EventDate "2021.01.18"]
[EventType "team-tourn"]
[EventCountry "GER"]
[SourceTitle "playchess.com"]
[Source "ChessBase"]
[SourceQuality "1"]

1. c4 e5 2. Nc3 Nc6 3. Nf3 d6 4. d4 Bg4 5. d5 Nce7 6. e4 g6 7. Be2 Bg7 8. Qa4+ Bd7 9. Qc2 h6 10. Nd2 f5 11. Nb3 Nf6 12. f3 O-O 13. O-O f4 14. c5 g5 15. Na5 b6 16. cxd6 cxd6 17. Nc4 b5 18. Nd2 g4 19. fxg4 Nxg4 20. Bxg4 Bxg4 21. Nf3 Ng6 22. Bd2 Kh7 23. Be1 Qd7 24. a3 Bf6 25. Rc1 Rg8 26. Qd3 a6 27. Nb1 Bd8 28. Rc6 Ne7 29. Rc2 Bb6+ 30. Bf2 Qa7 31. Bxb6 Qxb6+ 32. Kh1 Rg7 33. Nbd2 Rag8 34. Nh4 Qd8 35. Ndf3 Bd7 36. Qc3 Nxd5 37. exd5 e4 38. Qd4 exf3 39. Qe4+ Kh8 40. Nxf3 Qf6 41. Qd4 Qxd4 42. Nxd4 Rg5 43. Ne6 Rxd5 44. Nxf4 Rd4 45. Rc7 Bf5 46. Rf7 Be4 47. Rf6 Kh7 48. Rf7+ Kh8 49. Rf6 Kh7 50. Rf7+ Kh8 1/2-1/2

[Event "DSOL 2021"]
[Site "Germany"]
[Date "2021.02.08"]
[Round "3.2"]
[White "Meyer-Dunker, Paul"]
[Black "Sevillano, Voltaire"]
[Result "0-1"]
[WhiteElo "2112"]
[BlackElo "2310"]
[Annotator "TA"]
[PlyCount "104"]
[EventDate "2021.01.18"]
[EventType "team-tourn"]
[EventCountry "GER"]
[SourceTitle "playchess.com"]
[Source "ChessBase"]
[SourceQuality "1"]

1. e4 c5 2. Nf3 d6 3. d4 cxd4 4. Nxd4 Nf6 5. Nc3 a6 6. Be3 e5 7. Nb3 Be6 8. Qd2 Be7 9. f3 b5 10. O-O-O h5 11. Nd5 Nxd5 12. exd5 Bd7 13. f4 Bf6 14. Bd3 a5 15. fxe5 Bxe5 16. Nd4 b4 17. Rde1 O-O 18. Rhf1 Na6 19. Nf3 Bf6 20. Ng5 Nc5 21. Nh7 Nxd3+ 22. Qxd3 Be5 23. Nxf8 Qxf8 24. Bf4 Bf6 25. Qg3 Ra6 26. Be3 Qd8 27. Qf2 Bb5 28. Rg1 a4 29. Bd4 Bg5+ 30. Kb1 b3 31. a3 bxc2+ 32. Qxc2 Ra8 33. g4 h4 34. Rg2 Rc8 35. Qe4 Qa5 36. Rc2 Re8 37. Bc3 Rxe4 38. Bxa5 Rxe1+ 39. Bxe1 Bd3 40. h3 f5 41. gxf5 Bxf5 42. Bf2 Kf7 43. Be1 Be4 44. Bf2 Kg6 45. Be1 Kh5 46. Bc3 g6 47. Bb4 Bf4 48. Bc3 g5 49. Bd4 g4 50. hxg4+ Kxg4 51. Ba7 h3 52. Bg1 Kf5 0-1

[Event "DSOL 2021"]
[Site "Germany"]
[Date "2021.02.11"]
[Round "3.2"]
[White "Garzinsky, Dominik"]
[Black "Grkinic, Goran"]
[Result "0-1"]
[WhiteElo "2109"]
[BlackElo "1978"]
[Annotator "TA"]
[PlyCount "82"]
[EventDate "2021.01.18"]
[EventType "team-tourn"]
[EventCountry "GER"]
[SourceTitle "playchess.com"]
[Source "ChessBase"]
[SourceQuality "1"]

1. c4 Nf6 2. Nc3 c5 3. e4 d6 4. g3 g6 5. Bg2 Bg7 6. Nge2 O-O 7. O-O Nc6 8. h3 Rb8 9. f4 Nd4 10. d3 Bd7 11. Be3 e5 12. g4 Bc6 13. f5 gxf5 14. exf5 Bxg2 15. Kxg2 Qd7 16. Ng3 Ne8 17. h4 f6 18. Nce4 Kh8 19. g5 fxg5 20. Bxd4 gxh4 21. Bxc5 dxc5 22. Nxc5 Qc6+ 23. Nge4 h3+ 24. Kh1 Nf6 25. Qf3 Rf7 26. Ne6 Bh6 27. Rg1 Nxe4 28. Qxe4 Rxf5 29. Qxc6 bxc6 30. Raf1 Rxf1 31. Rxf1 Rxb2 32. Rf6 Bg7 33. Rf7 Bh6 34. Rxa7 Kg8 35. a4 Bf4 36. Nxf4 exf4 37. Ra5 f3 38. Rg5+ Kh8 39. Rf5 f2 40. a5 Rb1+ 41. Kh2 f1=Q 0-1

[Event "DSOL 2021"]
[Site "Germany"]
[Date "2021.02.11"]
[Round "3.2"]
[White "Erler, Rainer"]
[Black "Schmitt, Carsten"]
[Result "1-0"]
[WhiteElo "2100"]
[BlackElo "1901"]
[Annotator "TA"]
[PlyCount "75"]
[EventDate "2021.01.18"]
[EventType "team-tourn"]
[EventCountry "GER"]
[SourceTitle "playchess.com"]
[Source "ChessBase"]
[SourceQuality "1"]

1. e4 e6 2. d4 d5 3. Nc3 Nf6 4. e5 Nfd7 5. Nce2 c5 6. c3 Nc6 7. Nf3 f6 8. Nf4 Qe7 9. Bd3 fxe5 10. dxe5 Ndxe5 11. Nxe5 Nxe5 12. Qh5+ Nf7 13. Bxh7 Qg5 14. Qxg5 Nxg5 15. Bc2 Be7 16. Ng6 Nf7 17. Nxh8 Nxh8 18. O-O Bd7 19. Bf4 Bf6 20. Rfe1 O-O-O 21. Rad1 g5 22. Be5 Rf8 23. Bd6 Rg8 24. Bxc5 b6 25. Bd4 Rf8 26. Re3 Be7 27. Bd3 Nf7 28. c4 e5 29. cxd5 Bd6 30. Bc3 g4 31. b4 a5 32. a3 Kb7 33. Rb1 axb4 34. Bxb4 e4 35. Rxe4 g3 36. hxg3 Bf5 37. Bxd6 Bxe4 38. Bxf8 1-0

[Event "DSOL 2021"]
[Site "Germany"]
[Date "2021.02.11"]
[Round "3.2"]
[White "Adamowicz, Katarzyna"]
[Black "Schubert, Ralf"]
[Result "0-1"]
[WhiteElo "2082"]
[BlackElo "2107"]
[Annotator "TA"]
[PlyCount "44"]
[EventDate "2021.01.18"]
[EventType "team-tourn"]
[EventCountry "GER"]
[SourceTitle "playchess.com"]
[Source "ChessBase"]
[SourceQuality "1"]

1. e4 d6 2. d4 Nf6 3. Nc3 g6 4. f4 Bg7 5. Nf3 O-O 6. Be3 c5 7. Qd2 cxd4 8. Nxd4 Nc6 9. O-O-O Ng4 10. Bg1 Nxd4 11. Bxd4 e5 12. Bg1 exf4 13. Nd5 Be6 14. h3 Ne3 15. Nxe3 fxe3 16. Bxe3 Bxa2 17. Bd4 Bxd4 18. Qd3 Bg7 19. h4 Qa5 20. g4 Be6 21. h5 Bh6+ 22. Kb1 Qa2# 0-1

[Event "DSOL 2021"]
[Site "Germany"]
[Date "2021.02.11"]
[Round "3.2"]
[White "Hohlbein, Michael"]
[Black "Bohnhoff, Peter"]
[Result "1-0"]
[WhiteElo "2066"]
[BlackElo "2078"]
[Annotator "TA"]
[PlyCount "59"]
[EventDate "2021.01.18"]
[EventType "team-tourn"]
[EventCountry "GER"]
[SourceTitle "playchess.com"]
[Source "ChessBase"]
[SourceQuality "1"]

1. e4 e5 2. Bc4 Nf6 3. d4 exd4 4. Nf3 Nc6 5. e5 d5 6. Bb5 Ne4 7. Nxd4 Bd7 8. Bxc6 bxc6 9. O-O Bc5 10. f3 Ng5 11. Be3 Bb6 12. f4 Ne4 13. Nd2 Nxd2 14. Qxd2 c5 15. Nf3 Bf5 16. c3 O-O 17. b4 cxb4 18. cxb4 Qd7 19. a4 Rac8 20. a5 Bxe3+ 21. Qxe3 c6 22. Nd4 Be4 23. Rac1 Rc7 24. f5 Re8 25. Qf4 Rb7 26. Rxc6 Rxb4 27. e6 Qd8 28. exf7+ Kxf7 29. Ne6 Qxa5 30. Qg5 1-0

[Event "DSOL 2021"]
[Site "Germany"]
[Date "2021.02.08"]
[Round "3.2"]
[White "Rosenkraenzer, Torsten"]
[Black "Westermann, Johannes"]
[Result "1-0"]
[WhiteElo "2029"]
[BlackElo "1620"]
[Annotator "TA"]
[PlyCount "99"]
[EventDate "2021.01.18"]
[EventType "team-tourn"]
[EventCountry "GER"]
[SourceTitle "playchess.com"]
[Source "ChessBase"]
[SourceQuality "1"]

1. d4 d5 2. c4 e6 3. Nc3 Nf6 4. cxd5 exd5 5. Bg5 c6 6. e3 Be7 7. Bd3 h6 8. Bf4 Bd6 9. Bxd6 Qxd6 10. Nge2 O-O 11. Qd2 b5 12. O-O Re8 13. Ng3 Nbd7 14. f3 Nf8 15. Nce2 Be6 16. e4 N6d7 17. e5 Qe7 18. f4 Bg4 19. h3 Bxe2 20. Qxe2 g6 21. f5 Qg5 22. Qf2 Re7 23. f6 Ree8 24. Nf5 gxf5 25. h4 Qh5 26. Bxf5 Nxf6 27. exf6 Re2 28. Qg3+ Ng6 29. Bg4 Re3 30. Qxe3 Qxg4 31. Qxh6 Nxh4 32. Qg7+ Qxg7 33. fxg7 Kxg7 34. Rac1 Rc8 35. Rc3 Ng6 36. Rfc1 Ne7 37. Kf2 a5 38. Rg3+ Kf6 39. Rf3+ Kg6 40. g4 Rd8 41. Kg3 f5 42. Re1 Kf6 43. g5+ Kf7 44. Rh1 Kg7 45. Rh6 Rf8 46. Re6 Rf7 47. g6 Nxg6 48. Rxc6 Re7 49. Rxf5 Kh6 50. Rxd5 1-0

[Event "DSOL 2021"]
[Site "Germany"]
[Date "2021.02.11"]
[Round "3.2"]
[White "Andrae, Ralf"]
[Black "Schoenfelder, Felix"]
[Result "1-0"]
[WhiteElo "2027"]
[BlackElo "1821"]
[Annotator "ChessBase"]
[PlyCount "52"]
[EventDate "2021.01.18"]
[EventType "team-tourn"]
[EventCountry "GER"]
[SourceTitle "playchess.com"]
[Source "ChessBase"]
[SourceQuality "1"]

1. e4 c6 2. d4 d5 3. f3 e6 4. Nc3 Bb4 5. Bf4 Ne7 6. Nge2 Nd7 7. a3 Ba5 8. Qd2 Nf6 9. Ng3 Ng6 10. Bg5 h6 11. Be3 e5 12. dxe5 Nxe5 13. Bd4 Bc7 14. O-O-O Be6 15. f4 Nc4 16. Bxc4 dxc4 17. f5 Bc8 18. e5 Nd7 19. Nce4 O-O 20. f6 Nxe5 21. fxg7 Kxg7 22. Qf4 f6 23. Nh5+ Kg6 24. Bxe5 Bxe5 25. Rxd8 Bxf4+ 26. Nxf4+ Kf7 1-0

[Event "DSOL 2021"]
[Site "Germany"]
[Date "2021.02.09"]
[Round "3.2"]
[White "Tebelmann, Lars"]
[Black "Halt, David"]
[Result "1-0"]
[WhiteElo "2027"]
[BlackElo "2054"]
[Annotator "TA"]
[PlyCount "85"]
[EventDate "2021.01.18"]
[EventType "team-tourn"]
[EventCountry "GER"]
[SourceTitle "playchess.com"]
[Source "ChessBase"]
[SourceQuality "1"]

1. c4 f5 2. Nf3 Nf6 3. g3 g6 4. Bg2 Bg7 5. O-O O-O 6. d4 d6 7. Nc3 c6 8. d5 e5 9. dxe6 Bxe6 10. b3 Na6 11. Ng5 Qe7 12. Nxe6 Qxe6 13. Bb2 Rad8 14. Qc2 Nb4 15. Qc1 Rfe8 16. a3 Na6 17. e3 Ne4 18. Ne2 Nac5 19. Nf4 Qe7 20. Qc2 Bxb2 21. Qxb2 g5 22. Nh5 Qf7 23. f3 Qxh5 24. fxe4 fxe4 25. b4 Nd7 26. Qd4 Qg6 27. Qxa7 Rb8 28. Qd4 Re6 29. a4 Qg7 30. Qd2 Nb6 31. Qc2 d5 32. cxd5 cxd5 33. Rad1 Rc8 34. Qa2 g4 35. Rf4 Kh8 36. Rdf1 Nc4 37. Qe2 h5 38. Rf5 Re5 39. Rf7 Qg5 40. R1f4 b6 41. Qf2 Ree8 42. R7f5 Qg6 43. Rxd5 1-0

[Event "DSOL 2021"]
[Site "Germany"]
[Date "2021.02.10"]
[Round "3.2"]
[White "Engert, Marvin"]
[Black "Burchert, Wolfgang"]
[Result "0-1"]
[WhiteElo "2000"]
[BlackElo "2064"]
[Annotator "TA"]
[PlyCount "84"]
[EventDate "2021.01.18"]
[EventType "team-tourn"]
[EventCountry "GER"]
[SourceTitle "playchess.com"]
[Source "ChessBase"]
[SourceQuality "1"]

1. e4 c5 2. Nc3 Nc6 3. b3 g6 4. Bb2 Bg7 5. Qf3 d6 6. O-O-O Nf6 7. h3 O-O 8. g4 Qa5 9. Kb1 Nd4 10. Qe3 b5 11. f4 b4 12. Nce2 Nxe2 13. Nxe2 Bb7 14. Ng3 Qc7 15. g5 Nd7 16. h4 d5 17. h5 Bxb2 18. Kxb2 c4 19. Ne2 Nc5 20. Qh3 e6 21. d4 Nxe4 22. hxg6 c3+ 23. Ka1 fxg6 24. Qxe6+ Qf7 25. Bh3 Rae8 26. Qxf7+ Rxf7 27. Rh2 Ba6 28. Rf1 Ng3 29. Nxg3 Bxf1 30. a3 Bxh3 31. Rxh3 Re3 32. Ka2 Rxf4 33. Nh5 Rxh3 34. Nxf4 Rh2 35. axb4 Rxc2+ 36. Kb1 Rd2 37. Nxd5 Rxd4 38. Nxc3 Rxb4 39. Kc2 Rg4 40. Kd3 Rxg5 41. b4 Rg3+ 42. Kc4 Rxc3+ 0-1

[Event "DSOL 2021"]
[Site "Germany"]
[Date "2021.02.09"]
[Round "3.2"]
[White "Simukov, Erik"]
[Black "Klugstedt, Vincent"]
[Result "1-0"]
[WhiteElo "2000"]
[BlackElo "1928"]
[Annotator "TA"]
[PlyCount "67"]
[EventDate "2021.01.18"]
[EventType "team-tourn"]
[EventCountry "GER"]
[SourceTitle "playchess.com"]
[Source "ChessBase"]
[SourceQuality "1"]

1. e4 c5 2. Nf3 Nc6 3. d4 cxd4 4. Nxd4 g6 5. c4 Nf6 6. Nc3 Nxd4 7. Qxd4 d6 8. Be2 Bg7 9. Be3 O-O 10. Qd2 Be6 11. O-O a5 12. b3 Qc7 13. Rac1 Rfc8 14. f4 a4 15. f5 Bd7 16. b4 Bc6 17. Qd3 Nd7 18. Kh1 Ne5 19. Qd2 b6 20. Bd4 Bb7 21. Nd5 Bxd5 22. exd5 Qb7 23. b5 Qc7 24. Rc3 Rf8 25. Rh3 Rac8 26. Qg5 Rfe8 27. Qh4 h6 28. Be3 h5 29. g4 Bf6 30. g5 Bg7 31. Bd4 gxf5 32. Qxh5 e6 33. Qh7+ Kf8 34. Rhf3 1-0

[Event "DSOL 2021"]
[Site "Germany"]
[Date "2021.02.10"]
[Round "3.2"]
[White "Antonov, Alexander"]
[Black "Gerland, Felix"]
[Result "1/2-1/2"]
[WhiteElo "1990"]
[BlackElo "2169"]
[Annotator "TA"]
[PlyCount "102"]
[EventDate "2021.01.18"]
[EventType "team-tourn"]
[EventCountry "GER"]
[SourceTitle "playchess.com"]
[Source "ChessBase"]
[SourceQuality "1"]

1. e4 c5 2. Nf3 g6 3. d4 Bg7 4. Nc3 cxd4 5. Nxd4 Nc6 6. Nb3 Nf6 7. Be2 O-O 8. O-O d6 9. Re1 Be6 10. Bf1 Rc8 11. Nd5 a6 12. Bg5 Ne5 13. Nxf6+ exf6 14. Bf4 Qe7 15. c3 Rfd8 16. Nd4 d5 17. Nxe6 Qxe6 18. exd5 Qxd5 19. Qxd5 Rxd5 20. Rad1 Rcd8 21. Be2 Rxd1 22. Rxd1 Rxd1+ 23. Bxd1 Nd3 24. Bc7 Nxb2 25. Bf3 b5 26. Bb7 Na4 27. Bxa6 Nxc3 28. Ba5 Nxa2 29. Bxb5 f5 30. Bc4 Nc3 31. Bxc3 Bxc3 32. f3 f4 33. g3 fxg3 34. hxg3 Kg7 35. g4 f6 36. Kg2 Be5 37. Kh3 Kh6 38. Bg8 Bf4 39. Kg2 Kg7 40. Bc4 Be5 41. Kh3 Kh6 42. Bg8 Bd6 43. Kg2 f5 44. gxf5 gxf5 45. Be6 Kg5 46. Bxf5 Kxf5 47. Kh1 Kf4 48. Kg2 Ke3 49. Kh1 Kxf3 50. Kg1 Kg3 51. Kh1 Kf2 1/2-1/2

[Event "DSOL 2021"]
[Site "Germany"]
[Date "2021.02.08"]
[Round "3.2"]
[White "Ottway, Christopher"]
[Black "Aulich, Marcell"]
[Result "1/2-1/2"]
[WhiteElo "1979"]
[BlackElo "1613"]
[Annotator "RC"]
[PlyCount "216"]
[EventDate "2021.01.18"]
[EventType "team-tourn"]
[EventCountry "GER"]
[SourceTitle "playchess.com"]
[Source "ChessBase"]
[SourceQuality "1"]

1. c4 e5 2. g3 Nf6 3. Bg2 d5 4. cxd5 Nxd5 5. Nc3 Nb6 6. Nf3 Nc6 7. O-O Be7 8. a3 O-O 9. d3 Be6 10. Be3 f6 11. Rc1 Nd5 12. Nxd5 Bxd5 13. Qa4 Qe8 14. Qb5 Rd8 15. Bc5 a6 16. Qa4 Nd4 17. Qxe8 Nxe2+ 18. Kh1 Rfxe8 19. Bxe7 Rxe7 20. Rce1 Bxf3 21. Bxf3 Nd4 22. Bxb7 a5 23. f4 Rde8 24. Bd5+ Kf8 25. Re4 c5 26. Rc1 exf4 27. gxf4 f5 28. Rxe7 Kxe7 29. Rxc5 Kd6 30. Rxa5 Re1+ 31. Kg2 Re2+ 32. Kg1 Rxb2 33. Ba8 Ne2+ 34. Kf1 Nxf4 35. Rxf5 Rb1+ 36. Kf2 Nxd3+ 37. Ke3 Ne5 38. Ke4 Re1+ 39. Kd4 Rd1+ 40. Ke4 Nd7 41. Rf7 Nc5+ 42. Ke3 Rd3+ 43. Kf2 Rxa3 44. Bf3 Nd3+ 45. Kg2 Ne5 46. Rxg7 Nxf3 47. Rxh7 Ke5 48. Re7+ Kf4 49. Rf7+ Ke4 50. Re7+ Ne5 51. h4 Ra2+ 52. Kg3 Ra3+ 53. Kg2 Kf4 54. h5 Rg3+ 55. Kf2 Ng4+ 56. Ke2 Rh3 57. Rh7 Nf6 58. Rh8 Nxh5 59. Kd2 Kg4 60. Rg8+ Kf5 61. Rh8 Rh2+ 62. Kc3 Kg6 63. Rg8+ Ng7 64. Kd3 Kf6 65. Kc3 Ne6 66. Ra8 Ke5 67. Ra5+ Ke4 68. Ra4+ Ke3 69. Ra6 Ng5 70. Ra8 Ne4+ 71. Kc4 Rc2+ 72. Kd5 Rc5+ 73. Ke6 Rc6+ 74. Ke5 Nc3 75. Ra5 Kd3 76. Ra3 Rc5+ 77. Ke6 Kd4 78. Ra1 Re5+ 79. Kd6 Ne4+ 80. Kc6 Re6+ 81. Kc7 Re7+ 82. Kc6 Nc3 83. Rh1 Re6+ 84. Kd7 Ra6 85. Rh4+ Ne4 86. Rh1 Nf6+ 87. Ke7 Nd5+ 88. Kd7 Nb6+ 89. Kc7 Kc5 90. Rc1+ Nc4 91. Kd7 Rh6 92. Ke7 Kd4 93. Rd1+ Ke4 94. Re1+ Ne3 95. Kd7 Kd4 96. Ra1 Nc4 97. Rd1+ Kc5 98. Ke7 Ne3 99. Rc1+ Kd5 100. Re1 Nf5+ 101. Kf7 Nd6+ 102. Ke7 Rh7+ 103. Kf6 Ne4+ 104. Kg6 Re7 105. Ra1 Re6+ 106. Kf5 Rf6+ 107. Kg4 Nc5 108. Rd1+ Ke5 1/2-1/2

[Event "DSOL 2021"]
[Site "Germany"]
[Date "2021.02.10"]
[Round "3.2"]
[White "Di Candia, Roberto"]
[Black "Lehmann, Martin"]
[Result "1/2-1/2"]
[WhiteElo "1958"]
[BlackElo "1947"]
[Annotator "TA"]
[PlyCount "54"]
[EventDate "2021.01.18"]
[EventType "team-tourn"]
[EventCountry "GER"]
[SourceTitle "playchess.com"]
[Source "ChessBase"]
[SourceQuality "1"]

1. e4 c5 2. c3 Nf6 3. e5 Nd5 4. d4 cxd4 5. Nf3 d6 6. cxd4 Nc6 7. Bc4 Nb6 8. Bb5 dxe5 9. Nxe5 Bd7 10. Nxd7 Qxd7 11. O-O e6 12. Nc3 a6 13. Bxc6 Qxc6 14. Bg5 Be7 15. Qh5 Bxg5 16. Qxg5 O-O 17. Rac1 h6 18. Qg4 Rac8 19. Rcd1 Nd5 20. Rd3 Nf6 21. Qh4 Qd7 22. Rfd1 Rfe8 23. f4 Qe7 24. g4 Nh7 25. Qh5 Nf6 26. Qh4 Nh7 27. Qh5 Nf6 1/2-1/2

[Event "DSOL 2021"]
[Site "Germany"]
[Date "2021.02.11"]
[Round "3.2"]
[White "Busch, Michael"]
[Black "Klaus, Christian"]
[Result "0-1"]
[WhiteElo "1927"]
[BlackElo "1863"]
[Annotator "ChessBase"]
[PlyCount "70"]
[EventDate "2021.01.18"]
[EventType "team-tourn"]
[EventCountry "GER"]
[SourceTitle "playchess.com"]
[Source "ChessBase"]
[SourceQuality "1"]

1. Nf3 g6 2. g3 Bg7 3. d4 Nf6 4. c4 O-O 5. Bg2 d6 6. Nc3 Nbd7 7. O-O e5 8. e4 exd4 9. Nxd4 Re8 10. h3 Nc5 11. Re1 a5 12. Ndb5 Bd7 13. Bf4 Bc6 14. Qc2 h5 15. Rad1 h4 16. g4 Nfd7 17. Be3 g5 18. Nd5 Ne6 19. Nd4 Nxd4 20. Bxd4 Bxd5 21. cxd5 Bxd4 22. Rxd4 Ne5 23. Rc1 Qf6 24. Qd2 Rec8 25. Ra4 b6 26. b4 axb4 27. Rxa8 Rxa8 28. Rxc7 Ra3 29. Qxb4 Rxa2 30. Qxb6 Ra1+ 31. Bf1 Nf3+ 32. Kg2 Ne1+ 33. Kg1 Nf3+ 34. Kg2 Nd4 35. Rc3 Ra2 0-1